| 000 | 00395cam a2200157ua 4500 | ||
|---|---|---|---|
| 020 | _a9788131721407 | ||
| 082 |
_a532 _bDOU/FL |
||
| 100 |
_aDouglas, J.F . _9393 |
||
| 245 | _aFluid Mechanics / | ||
| 250 | _a5 / | ||
| 260 |
_aLondon : _bPitman publishing limited , _c2004. |
||
| 300 |
_a911 : _b` ; . |
||
| 700 | 1 |
_aGasiorek, J.M . _9394 |
|
| 700 | 1 |
_aSwaffield, J.A . _9395 |
|
| 942 | _cBK | ||
| 999 |
_c1774 _d1774 |
||